000 00273nam a22001337a 4500
003 SGT
020 _a978-9948-23-076-2
082 _a370
_bSUW
100 _aSUWAIDI, JAMAL S.A.
245 _aTHE MIRGE
260 _aUAE
_bJL PUB.
_c2015
300 _a823
942 _2ddc
_cBK
999 _c25057
_d25057